| 000 | 01417nam a2200253Ia 4500 | ||
|---|---|---|---|
| 003 | Ost | ||
| 005 | 20260507075330.0 | ||
| 008 | 260507s9999||||xx |||||||||||||| ||und|| | ||
| 020 | _a15788799539 | ||
| 040 | _cfsecg | ||
| 041 | _aara | ||
| 082 | _a330 | ||
| 100 |
_aلانتنيان، انطوان او _eمؤلف |
||
| 245 | 0 |
_aأحداث تأثير تجاري عبر شبكة الأنترنيت : _bتعلم كيف تستثمر شبكة الانترنيت لتفعيل و انجاح شركتك الصغيرة / _c انطوان او لانتنيان |
|
| 260 |
_aلبنان: _bالدار العربية للعلوم ناشرون, _c2009 |
||
| 300 |
_a248 صفحة؛ _bإيضاحات ؛ _c22 سم |
||
| 520 | _aابتكار استراتيجية انترنيت فعالة ، تنظيم إسم الشركة و حساب البريد الالكتروني و موقع على الشبكة و الشروع في عملية البيع ، تسويق موقع الشركة ، تأسيس الطرف الخفي للشركة في الشبكة ، جعل الشركة أكثر فعالية مع الانترنيت ، استراتيجيات الشركات الصغيرة على الانترنيت | ||
| 653 | _aالأنترنت | ||
| 653 | _aالتجارة | ||
| 653 | _aالتجارة- التكنولوجيا | ||
| 653 | _aالشركات | ||
| 700 |
_aالحسينة، سعيد _eمؤلف ثانوي |
||
| 942 | _cكتاب | ||
| 999 |
_c43994 _d43994 |
||